| 000 | 01527cam a22001814a 4500 | ||
|---|---|---|---|
| 005 | 20250605163258.0 | ||
| 008 | 250528s ||||||||||||||||||||||||d | ||
| 035 | _a15914 | ||
| 020 | _a9602092157 | ||
| 040 |
_aGR-AtMCL _bgre _dGR-AtMCL _eAACR2 |
||
| 245 | 1 | _aΕισαγωγή στο Σύστημα MS-DOS 6.2 / Για τον IBM-PC και τους Συμβατούς | |
| 260 |
_bΚλειδάριθμος, _c1993 |
||
| 300 | _a360 | ||
| 520 | _aΤο παρόν βιβλίο σας εισάγει σιγά σιγά στον κόσμο του πιο διαδεδομένου συστήματος για προσωπικούς υπολογιστές, του MS-DOS, με ιδιαίτερη έμφαση στα νέα χαρακτηριστικά του MS-DOS 6.2. Εισαγωγή, Γνωριμία με τον Υπολογιστή σας, Μια Περιήγηση στο DOS, Το Κέλυφος του MS-DOS και το Σύστημα Αρχείων, Δίσκοι και Κατάλογοι και Αρχεία, Δουλεύοντας με Αρχεία, Γνωρίστε Χιλιάδες Κόσμους με το DOS, Μερικές Ακόμη Δυνατότητες, Πάρτε τα Μέτρα σας, Αυξήστε την Απόδοση του Υπολογιστή σας, Συνοπτικός Οδηγός Διαταγών του MS-DOS, Εγκατάσταση του MS-DOS 6.2, Μηνύματα Λαθών, Οι Κωδικοί ASCII, Ευρετήριο. | ||
| 942 | _cBK | ||
| 999 |
_c1462 _d1462 |
||